<?xml version="1.0" encoding="utf-8"?>
<?xml-stylesheet type='text/xsl' href='./oai2.xsl'?>
<OAI-PMH xmlns="http://www.openarchives.org/OAI/2.0/" xmlns:xsi="http://www.w3.org/2001/XMLSchema-instance" xsi:schemaLocation="http://www.openarchives.org/OAI/2.0/ http://www.openarchives.org/OAI/2.0/OAI-PMH.xsd">
  <responseDate>2026-05-15T18:15:42Z</responseDate>
  <request verb="GetRecord" metadataPrefix="marcxml" identifier="record_kuniweb_948369">https://kulturerbe.niedersachsen.de/oai</request>
  <GetRecord>
    <record>
      <header>
        <identifier>record_kuniweb_948369</identifier>
        <datestamp>2018-03-26T07:18:59Z</datestamp>
        <setSpec>slg0198</setSpec>
      </header>
      <metadata>
        <marc:record xmlns:marc="http://www.loc.gov/MARC21/slim" xsi:schemaLocation="http://www.loc.gov/MARC21/slim http://www.loc.gov/standards/marcxml/schema/MARC21slim.xsd">
          <marc:leader>12345nkm  22     uu 4500</marc:leader>
          <marc:controlfield tag="001">948369</marc:controlfield>
          <marc:controlfield tag="003">http://kuniweb.gbv.de</marc:controlfield>
          <marc:controlfield tag="005">2017-08-29T11:04:58</marc:controlfield>
          <marc:controlfield tag="008">|           ||||||||||||||||||||||</marc:controlfield>
          <marc:datafield tag="245" ind1="1" ind2="0">
            <marc:subfield code="a">Atommüll</marc:subfield>
          </marc:datafield>
          <marc:datafield tag="655" ind1=" " ind2="7">
            <marc:subfield code="a">Plakate</marc:subfield>
          </marc:datafield>
          <marc:datafield tag="046" ind1=" " ind2=" ">
            <marc:subfield code="k">1976</marc:subfield>
            <marc:subfield code="k">ca. 1976</marc:subfield>
          </marc:datafield>
          <marc:datafield tag="260" ind1=" " ind2=" ">
            <marc:subfield code="g">1976</marc:subfield>
            <marc:subfield code="g">ca. 1976</marc:subfield>
          </marc:datafield>
          <marc:datafield tag="300" ind1=" " ind2=" ">
            <marc:subfield code="a">Höhe: 42,96 cm
Breite: 30,54 cm</marc:subfield>
          </marc:datafield>
          <marc:datafield tag="520" ind1=" " ind2=" ">
            <marc:subfield code="a">Nahe Lichtenmoor liegen die Orte Rethem-Moor, Steimbke, Sonnenborstel und Anderten. 
1976 wurden Pläne zur Errichtung eines unterirdischen Atommüllendlagers im Salzstock in Lichtenmoor bekannt. Oberirdisch sollte eine Wiederaufarbeitungsanlage für Kernbrennstoffe entstehen. Gegen das Vorhaben gründeten Bewohner der umliegenden Orte Bürgerinitiativen, darunter die Bürgerinitiative gegen das Atommülllager Lichtenmoor. Sie verhinderte mit etwa 20 Personen eine geplante und genehmigte Erkundungsbohrung und besetzten im Anschluss über Monate den Bohrplatz. 
Neben dem Lichtenmoor waren auch Standorte im Emsland und in der Südheide als Standort einer Lagerstätte im Gespräch. Doch im Februar 1977 wurde es Gorleben.

Schlagworte: 
Gorleben, Atomkraft, Atommüll, Atomtransport,  Wiederaufarbeitungsanlage WAA, Nukleares Entsorgungszentrum NEZ, Lichtenmoor.
 (Gorleben Archiv / Birgit Huneke)

Eine Mülltonne mit Radioaktivzeichen. Daneben drei gemalte Häuser mit Ortsnamen. 
Text:
Atommüll
Nein Danke
Anderten, Rethem, Lichtenhorst
Druck: Offizin, Stiftstraße 11, Tel. 17622 (Unbekannt)

Verwendungszweck:
Protest gegen die Atomanlagen in Gorleben</marc:subfield>
          </marc:datafield>
          <marc:datafield tag="650" ind1="1" ind2=" ">
            <marc:subfield code="a">Widerstand</marc:subfield>
          </marc:datafield>
          <marc:datafield tag="650" ind1="1" ind2=" ">
            <marc:subfield code="a">Protest</marc:subfield>
          </marc:datafield>
          <marc:datafield tag="650" ind1="1" ind2=" ">
            <marc:subfield code="a">Kernenergie</marc:subfield>
          </marc:datafield>
          <marc:datafield tag="650" ind1="1" ind2=" ">
            <marc:subfield code="a">Plakate</marc:subfield>
          </marc:datafield>
          <marc:datafield tag="773" ind1="0" ind2=" ">
            <marc:subfield code="t">Plakate - Sammlung. Protestkultur gegen die Atomanlagen in Gorleben</marc:subfield>
          </marc:datafield>
          <marc:datafield tag="852" ind1=" " ind2=" ">
            <marc:subfield code="a">Gorleben Archiv e.V.</marc:subfield>
          </marc:datafield>
          <marc:datafield tag="" ind1=" " ind2=" ">
            <marc:subfield code="a">Rechte vorbehalten – Freier Zugang</marc:subfield>
          </marc:datafield>
        </marc:record>
      </metadata>
    </record>
  </GetRecord>
</OAI-PMH>
